00260nam a22000977a 4500040000900000082001600009100003900025245002600064260004600090650002600136 cNust a297.63bMUB aMaulana Safi Ur Rehman Mubarakpuri aTajalliyat-E- Nabuwat aLahore:bDar-ul- Salam Publishers,c1997. aTajalliyat-E- Nabuwat